00743nam a22001817a 4500003000900000008004100009040007100050082001800121100002100139245008200160260004600242300005600288505016300344650001600507650001100523650001200534650001500546AR-CdUCM190312b ||||| |||| 00| 0 spa d aMUNICIPALIDAD PROVINCIAL DEL CUSCOcBIBLIOTECA MUNICIPAL DEL CUSCO a378.42 /bM84 aMontoya, Rodrigo aPor una Educación en el Perú :bReflexiones sobre Cultura y Socialismo / aLima :bCepes Mosca Azul Editoresc1990. a243 paginas ;bDiagramas, graficos, tablas, c20cm. aContenido: El problema -- Proyectos de Educación Bilingue en el Perú -- La Escuela y el mito civilizatorio de occidente .. El tratamiento de la cultura... aEducación aPerú aCultura aSocialismo